Loading...
Literature - World Literature | 7 | 1 | 1 | 0 | 110 | 16 | 58.13 | 4 | 8 |
Literature - American Literature | 3 | 6 | 0 | 1 | 105 | 52 | 92.89 | 2 | 9 |
History - World History | 7 | 1 | 2 | 0 | 105 | 16 | 42.38 | 8 | 8 |
Philosophy | 4 | 5 | 1 | 0 | 105 | 51 | 74.89 | 6 | 9 |
History - European History | 5 | 2 | 1 | 1 | 90 | 46 | 63.14 | 6 | 7 |
Literature - European Literature | 5 | 1 | 0 | 1 | 85 | 34 | 69.83 | 3 | 6 |
Beliefs | 3 | 5 | 2 | 1 | 85 | 67 | 91.50 | 5 | 8 |
Literature - British Literature | 3 | 4 | 1 | 0 | 80 | 35 | 87.57 | 3 | 7 |
Visual Arts | 5 | 1 | 2 | 1 | 75 | 40 | 67.00 | 2 | 6 |
Fine Arts - Other Arts | 3 | 3 | 1 | 1 | 70 | 62 | 81.50 | 4 | 6 |
History - American History | 2 | 4 | 0 | 1 | 70 | 42 | 81.50 | 2 | 6 |
Social Science | 1 | 7 | 5 | 0 | 60 | 35 | 74.75 | 5 | 8 |
History - Other History | 1 | 4 | 0 | 0 | 55 | 67 | 97.80 | 2 | 5 |
Auditory Arts | 3 | 2 | 4 | 1 | 45 | 66 | 76.60 | 1 | 5 |
Science - Biology | 0 | 5 | 1 | 2 | 45 | 70 | 94.60 | 2 | 5 |
History - Ancient History | 2 | 1 | 0 | 0 | 40 | 47 | 67.67 | 2 | 3 |
Science - Physics | 0 | 4 | 1 | 1 | 35 | 78 | 115.00 | 1 | 4 |
Science - Chemistry | 0 | 4 | 1 | 0 | 35 | 56 | 76.50 | 4 | 4 |
Science - Other Science | 0 | 2 | 1 | 0 | 15 | 66 | 71.50 | 1 | 2 |
Current Events | 0 | 1 | 0 | 0 | 10 | 78 | 78.00 | 0 | 1 |
Geography | 1 | 0 | 1 | 0 | 10 | 20 | 20.00 | 1 | 1 |
Other Academic | 0 | 1 | 0 | 0 | 10 | 79 | 79.00 | 0 | 1 |